书目信息 |
| 题名: |
区域规划学
|
|
| 作者: | 黄以柱 著 | |
| 分册: | ||
| 出版信息: | 北京 经济科学出版社 2012.08 |
|
| 页数: | 10,555页 | |
| 开本: | 25cm | |
| 丛书名: | ||
| 单 册: | ||
| 中图分类: | TU982.2 | |
| 科图分类: | ||
| 主题词: | 区域规划--研究--中国 , 区域规划 | |
| 电子资源: | ||
| ISBN: | 978-7-5141-1944-2 | |
| 000 | 00906nam0 2200253 450 | |
| 001 | 005629318 | |
| 005 | 20130701094558.31 | |
| 010 | @a978-7-5141-1944-2@dCNY98.00 | |
| 100 | @a20120927d2012 em y0chiy50 ea | |
| 101 | 0 | @achi |
| 102 | @aCN@b110000 | |
| 105 | @aak z 000yy | |
| 106 | @ar | |
| 200 | 1 | @a区域规划学@9qu yu gui hua xue@dRegional planning studies@f黄以柱著@zeng |
| 210 | @a北京@c经济科学出版社@d2012.08 | |
| 215 | @a10,555页@c图@d25cm | |
| 330 | @a本书从理论、方法、内容、体系等方面介绍了区域规划学的相关内容,包括区域规划的一般原理、区域规划的理论问题、区域规划的研究方法、区域规划中经济区的划分、区域发展条件分析评价、区域经济发展现状分析等。 | |
| 510 | 1 | @aRegional planning studies@zeng |
| 606 | 0 | @a区域规划@x研究@y中国 |
| 606 | 0 | @a区域规划 |
| 690 | @aTU982.2@v5 | |
| 701 | 0 | @a黄以柱@9huang yi zhu@4著 |
| 801 | 0 | @aCN@bNLC@c20120927 |
| 905 | @b544619-23@dTU982.2@e643@f5 | |
| 区域规划学=Regional planning studies/黄以柱著.-北京:经济科学出版社,2012.08 |
| 10,555页:图;25cm |
| ISBN 978-7-5141-1944-2:CNY98.00 |
| 本书从理论、方法、内容、体系等方面介绍了区域规划学的相关内容,包括区域规划的一般原理、区域规划的理论问题、区域规划的研究方法、区域规划中经济区的划分、区域发展条件分析评价、区域经济发展现状分析等。 |
| ● |
| 相关链接 |
|
|
|
|
正题名:区域规划学
索取号:TU982.2/643
 
预约/预借
| 序号 | 登录号 | 条形码 | 馆藏地/架位号 | 状态 | 备注 |
| 1 | 544619 | 205446196 | 第二样本阅览室/ [索取号:TU982.2/643] | 在馆 | |
| 2 | 544620 | 205446203 | 密集书库-资源管理系/ [索取号:TU982.2/643] | 在馆 | |
| 3 | 544621 | 205446212 | 第三借阅区/ [索取号:TU982.2/643] | 在馆 | |
| 4 | 544622 | 205446221 | 第三借阅区/ [索取号:TU982.2/643] | 在馆 | |
| 5 | 544623 | 205446230 | 第三借阅区/ [索取号:TU982.2/643] | 在馆 |